Existen al menos 5... - ¡Muerte súbita! - Estadísticas

Estadísticas generales
  • Esta prueba ha sido intentada 301 veces
  • La puntuación promedio es 6 de 21
Answers on the Grid
Answers color-coded by a green-red scale on the quiz's grid according to % correct below.
...países limítrofes con España
...países ribereños del Mar Báltico
...colores en la bandera de Seychelles
...libros de la Torá
...países atravesados por el Trópico de Capricornio
...vocales
...Grandes Lagos
...distritos de Nueva York
...cuerdas en una guitarra
...jugadores en un equipo de baloncesto
...caras en un dado
...libros de la saga Harry Potter
...personas que han ganado al menos 2 Premios Nobel
...lenguas oficiales de la ONU
...pecados capitales
...países que terminan en «stan» ...
...países atravesados por el Nilo
...estados de Nueva Inglaterra
...deportes del pentatlón moderno
...pulgadas en 20 centímetros
...patas en una hormiga
...estrellas más cercanas a nosotros que Próxima Centuari
...ríos en Arabia Saudí
...lados en un cuadrado
...países que empiezan por la letra V
...casos en alemán
...equipos que han ganado la Liga de Conferencias de la UEFA
...presidentes estadounidenses asesinados
...países situados en la isla de Borneo
...ciudades alcanzadas por la bomba atómica
...hijos de Guillermo, Príncipe de Gales
...fundadores de Roma
...monarquías de Sudamérica
...países europeos de la OPEP
...divisores pares de 20
...equipos que han ganado al menos 10 títulos de la NBA
...años en 50 meses
...países americanos que han albergado Juegos Olímpicos
...elementos con menos protones que el boro
...husos horarios de Brasil
...lóbulos del hígado
...capitales más al sur que Buenos Aires
 
Estadísticas de respuestas
Respuesta % Correcto
...caras en un dado
47%
...vocales
47%
...patas en una hormiga
45%
...pecados capitales
45%
...países que terminan en «stan» ...
44%
...libros de la saga Harry Potter
41%
...jugadores en un equipo de baloncesto
39%
...lenguas oficiales de la ONU
39%
...distritos de Nueva York
37%
...cuerdas en una guitarra
36%
...colores en la bandera de Seychelles
32%
...deportes del pentatlón moderno
25%
...países limítrofes con España
23%
...Grandes Lagos
20%
...países atravesados por el Nilo
17%
...pulgadas en 20 centímetros
16%
...libros de la Torá
15%
...países atravesados por el Trópico de Capricornio
13%
...países ribereños del Mar Báltico
12%
...estados de Nueva Inglaterra
11%
...personas que han ganado al menos 2 Premios Nobel
3%
No se encontraron pruebas coincidentes
Distribución de puntuación
Porcentaje de gente con cada puntuación
Porcentaje por número respondido
Historial de tus puntuaciones
No has intentado esta prueba.